Министр иностранных дел Германии И. фон Риббентроп и министр иностранных дел Италии Г. Чиано подписывают решение Венского арбитр...

RUSMARC
00003961ckm0a2200265#x 450
0014cf516dc-7b7e-487a-9038-d8493ebc5db9
00520200420100001.0
100##$a20200402d19381102k###0rusy50 ca
102##$aAT
1220#$ad19381102##
2001#$aМинистр иностранных дел Германии И. фон Риббентроп и министр иностранных дел Италии Г. Чиано подписывают решение Венского арбитражного суда : фотография
$j2 ноября 1938 г.
251##$cДокумент
461#0$12001
$aФ. 1511к
$1251
$cФонд
$1852
$j1511к
462#0$12001
$aОп. 3
$1251
$cОпись
$1852
$j3
462#0$12001
$aД. 2
$vЛ. 3
$1251
$cДело
$1852
$j2
605##$aВторая мировая война в архивных документах (Комплекс оцифрованных архивных документов, кино- и фотоматериалов)
$lколлекция
$2prlib_sh
$3LIBNET\UAF\0000088514
617##$aГермания
$f1938
$2prlib_sh
617##$aИталия
$f1938
$2prlib_sh
617##$aЧехословакия
$f1938
$2prlib_sh
617##$aВенгрия
$f1938
$2prlib_sh
801#0$aRU
$bПБ им. Б.Н. Ельцина
$c20200402
801#1$aRU
$bПБ им. Б.Н. Ельцина
$c20200402
$2rusmarc
801#2$aRU
$bПБ им. Б.Н. Ельцина
$c20200420
$2rusmarc
850##$aРоссийский государственный военный архив
852##$aРГВА
$jЛ. 3
035##$aLIBNET\0001068189
937##$d144049678
$hРоссийский государственный военный архив
8564#$uhttp://readingroom.main.prlib.ru/item.aspx?id_node=n144049678&mode=full
Формат отображения